La Liga: 150+ Matches (2000-) - Statistics

General Stats
  • This quiz has been taken 3 times
  • The average score is 211 of 557
Answer Stats
Ranking Player Positions Nationality Matches Goals (assists) Periods Clubs % Correct
13 Andrés Iniesta MF 442 35 (65) 2002-2018
100%
196 Ángel Rodríguez MF, FW 239 45 (12) 2009-2010, 2012-2014, 2017-2023
100%
338 Ante Budimir FW 195 78 (10) 2019-2025
100%
4 Antoine Griezmann MF, FW 530 198 (84) 2010-2025
100%
40 Carles Puyol DF 368 13 (7) 2000-2014
100%
237 Casemiro MF 222 24 (16) 2012-2013, 2015-2023
100%
339 César Sánchez GK 195 0 (0) 2000-2001, 2003-2012
100%
395 Clément Lenglet DF 180 9 (4) 2016-2021, 2024-2025
100%
107 Cristiano Ronaldo MF, FW 292 311 (83) 2009-2018
100%
66 Damián Suárez DF, MF 324 6 (22) 2011-2012, 2013-2015, 2017-2024
100%
16 Dani Alves DF, MF 435 26 (96) 2002-2015, 2021-2022
100%
230 Daniel Wass DF, MF 225 16 (28) 2015-2022
100%
389 Dani Rodríguez MF, FW 181 17 (22) 2019-2020, 2021-2025
100%
47 David Villa MF, FW 352 185 (46) 2003-2014
100%
171 Denis Suárez MF, FW 252 15 (34) 2014-2025
100%
147 Diego Alves GK 269 0 (0) 2007-2017
100%
41 Diego Godín DF 368 21 (12) 2007-2019
100%
457 Diego Llorente DF 168 10 (1) 2012-2013, 2015-2020, 2024-2025
100%
207 Federico Valverde DF, MF, FW 235 20 (22) 2017-2025
100%
119 Fernando Llorente FW 285 89 (17) 2004-2012, 2015-2016
100%
415 Frenkie de Jong DF, MF 177 14 (15) 2019-2025
100%
20 Gabi MF 424 21 (39) 2003-2007, 2009-2018
100%
420 Gareth Bale MF, FW 176 81 (40) 2013-2019, 2021-2022
100%
22 Gerard Piqué DF 419 31 (6) 2006-2007, 2008-2023
100%
360 Gonzalo Higuaín MF, FW 190 107 (33) 2006-2013
100%
380 Gonzalo Rodríguez DF 183 6 (0) 2004-2012
100%
109 Guti MF, FW 291 37 (49) 2000-2010
100%
30 Iago Aspas MF, FW 387 165 (64) 2012-2013, 2014-2025
100%
228 Ibai Gómez MF, FW 226 28 (27) 2010-2021
100%
9 Iker Casillas GK 483 0 (0) 2000-2015
100%
37 Iñaki Williams MF, FW 377 82 (46) 2014-2025
100%
25 Iñigo Martínez DF 405 23 (8) 2011-2025
100%
35 Isco MF, FW 382 68 (63) 2010-2025
100%
15 Ivan Rakitić MF 438 61 (65) 2010-2024
100%
39 Jan Oblak GK 369 0 (0) 2014-2025
100%
315 Javi Martínez DF, MF 201 22 (6) 2006-2012
100%
7 Jesús Navas DF, FW 518 26 (82) 2003-2012, 2017-2025
100%
31 Jordi Alba DF, MF 387 22 (67) 2009-2023
100%
444 Joseba Llorente FW 171 50 (16) 2000-2002, 2007-2013
100%
324 Joselu FW 199 68 (14) 2010-2011, 2016-2017, 2019-2024
100%
58 José Luis Martí MF 335 8 (15) 2001-2002, 2003-2013
100%
174 José María Giménez DF 252 6 (8) 2013-2025
100%
67 Juan Rodríguez MF 324 20 (9) 2003-2016
100%
14 Karim Benzema FW 439 238 (106) 2009-2023
100%
543 Keylor Navas GK 151 0 (0) 2011-2019
100%
527 Kiko Casilla GK 154 0 (0) 2007-2008, 2011-2017, 2021-2022
100%
6 Lionel Messi MF, FW 519 474 (191) 2004-2021
100%
535 Lucas Ocampos MF, FW 153 33 (15) 2019-2025
100%
473 Luís Figo MF, FW 164 36 (51) 2000-2005
100%
162 Luis Suárez FW 258 178 (73) 2014-2022
100%
27 Luka Modrić MF 394 30 (63) 2012-2025
100%
110 Marc-André ter Stegen GK 291 0 (2) 2015-2025
100%
33 Marcelo DF, MF 386 26 (57) 2006-2022
100%
232 Marco Asensio MF, FW 225 41 (29) 2015-2023
100%
191 Marcos Llorente DF, MF, FW 241 24 (28) 2015-2025
100%
209 Mario Suárez MF 235 14 (6) 2005-2006, 2008-2014, 2016-2017, 2018-2019, 2021-2023
100%
326 Maxi Gómez FW 198 52 (13) 2017-2024
100%
233 Maxi Rodríguez MF, FW 225 57 (27) 2002-2010
100%
80 Mikel Oyarzabal MF, FW 315 85 (44) 2015-2025
100%
92 Mikel San José DF, MF 304 27 (7) 2009-2020
100%
68 Moi Gómez MF, FW 324 29 (29) 2011-2012, 2013-2016, 2018-2025
100%
150 Munir El Haddadi MF, FW 267 47 (21) 2014-2025
100%
188 Nacho DF 242 12 (7) 2010-2011, 2012-2024
100%
241 Nacho DF, MF 222 13 (14) 2002-2003, 2004-2008, 2011-2014
100%
483 Pepe Reina GK 163 0 (0) 2000-2004, 2022-2024
100%
59 Raúl FW 334 129 (43) 2000-2010
100%
221 Roberto Carlos DF 228 31 (37) 2000-2007
100%
439 Rodrygo MF, FW 172 32 (28) 2019-2025
100%
222 Roger Martí FW 228 50 (14) 2011-2012, 2015-2016, 2017-2024
100%
156 Samuel Eto'o FW 264 155 (41) 2000-2009
100%
203 Sergi Gómez DF 237 2 (3) 2014-2022, 2024-2025
100%
405 Sergio Agüero FW 179 76 (24) 2006-2010, 2021-2022
100%
10 Sergio Busquets MF 481 10 (32) 2008-2023
100%
3 Sergio Ramos DF 536 77 (25) 2003-2020, 2023-2024
100%
460 Sergio Sánchez DF 168 3 (4) 2004-2014, 2017-2018
100%
258 Stefan Savić DF, MF 217 2 (3) 2015-2024
100%
344 Takefusa Kubo MF, FW 195 27 (13) 2019-2025
100%
86 Thibaut Courtois GK 311 0 (0) 2011-2013, 2018-2025
100%
91 Toni Kroos MF 306 22 (69) 2014-2024
100%
189 Vicente Rodríguez MF, FW 242 37 (36) 2000-2011
100%
97 Víctor Sánchez DF, MF 302 13 (24) 2007-2020
100%
434 Víctor Sánchez MF 173 25 (41) 2000-2006
100%
32 Víctor Valdés GK 387 0 (0) 2002-2014
100%
290 Vinicius Júnior MF, FW 206 61 (36) 2018-2025
100%
152 Willian José FW 267 81 (26) 2013-2014, 2015-2024
100%
11 Xavi MF 464 57 (105) 2000-2015
100%
521 Zinédine Zidane MF 155 37 (38) 2001-2006
100%
491 Adnan Januzaj MF, FW 160 16 (17) 2017-2025
50%
185 Adrián González MF, FW 243 19 (14) 2008-2018
50%
77 Adrián López MF, FW 316 45 (24) 2006-2013, 2015-2017, 2019-2021
50%
193 Adri Embarba MF, FW 240 20 (25) 2013-2015, 2018-2019, 2021-2025
50%
283 Aïssa Mandi DF 206 9 (3) 2016-2024
50%
471 Alberto Bueno MF, FW 164 36 (14) 2008-2009, 2012-2014, 2016-2018
50%
251 Alberto Marcos Rey DF 217 1 (10) 2000-2003, 2007-2010
50%
279 Aleix Vidal DF, MF, FW 207 17 (21) 2013-2023
50%
284 Álex Berenguer DF, MF, FW 206 29 (27) 2016-2017, 2020-2025
50%
273 Álex Remiro GK 209 0 (0) 2019-2025
50%
285 Alfonso Pedraza DF, MF, FW 206 13 (22) 2014-2015, 2017-2025
50%
178 Allan Nyom DF, MF 248 5 (9) 2011-2014, 2018-2021, 2024-2025
50%
353 Álvaro DF 192 16 (5) 2000-2001, 2003-2008
50%
418 Álvaro Arbeloa DF 176 3 (10) 2004-2005, 2006-2007, 2009-2016
50%
409 Álvaro García MF, FW 178 26 (17) 2013-2014, 2018-2019, 2021-2025
50%
210 Álvaro González DF 233 5 (6) 2010-2012, 2014-2019
50%
394 Álvaro Morata FW 180 71 (15) 2010-2013, 2016-2017, 2018-2019, 2022-2024
50%
43 Álvaro Negredo FW 361 127 (35) 2007-2012, 2014-2015, 2020-2024
50%
514 Álvaro Vázquez FW 155 26 (7) 2010-2017
50%
272 Anaitz Arbilla DF 210 6 (7) 2012-2021
50%
215 Ander Capa DF, MF, FW 230 10 (14) 2014-2023
50%
291 Ander Herrera MF 205 11 (21) 2009-2013, 2022-2025
50%
194 Ander Iturraspe MF 240 3 (8) 2008-2020
50%
450 Andoni Gorosabel DF 170 1 (7) 2017-2025
50%
345 Andrés Fernández GK 194 0 (1) 2007-2008, 2011-2013, 2015-2021
50%
62 Andrés Guardado DF, MF, FW 327 17 (34) 2007-2010, 2012-2013, 2017-2024
50%
56 Ángel Correa MF, FW 335 68 (41) 2015-2025
50%
99 Ángel López DF, MF 300 8 (14) 2000-2003, 2005-2012, 2015-2016
50%
175 Antonio Barragán DF, MF 251 3 (17) 2006-2007, 2009-2010, 2011-2015, 2017-2022
50%
134 Antonio López DF, MF 273 13 (23) 2002-2013
50%
477 Arda Turan MF, FW 163 18 (24) 2011-2017
50%
12 Aritz Aduriz FW 443 158 (46) 2002-2003, 2005-2020
50%
223 Aritz Elustondo DF 227 11 (6) 2014-2025
50%
123 Asier Illarramendi MF 279 13 (16) 2010-2023
50%
488 Aymeric Laporte DF 161 7 (3) 2012-2018
50%
401 Ayoze Díaz Díaz DF, MF 179 3 (5) 2003-2005, 2007-2010, 2012-2013
50%
485 Bebé MF, FW 162 10 (15) 2014-2018, 2021-2024
50%
243 Borja Fernández MF 221 3 (3) 2003-2005, 2007-2010, 2012-2014, 2018-2019
50%
252 Borja Iglesias FW 217 67 (12) 2014-2015, 2018-2025
50%
364 Borja Mayoral FW 189 48 (10) 2015-2016, 2017-2025
50%
180 Brais Méndez MF, FW 246 36 (27) 2017-2025
50%
369 Carles Aleñá MF, FW 186 9 (9) 2016-2017, 2018-2025
50%
322 Carlos Bacca FW 199 62 (20) 2013-2014, 2017-2022
50%
384 Carlos Soler MF, FW 182 31 (24) 2016-2023
50%
170 Carlos Vela MF, FW 252 69 (40) 2007-2008, 2011-2018
50%
426 Cata Díaz DF 174 2 (0) 2007-2013
50%
276 Charles FW 208 58 (12) 2013-2020
50%
106 Chory Castro MF, FW 296 41 (39) 2007-2018
50%
101 Claudio Bravo GK 298 0 (0) 2006-2007, 2010-2016, 2020-2024
50%
310 Coke DF, MF 201 18 (9) 2011-2015, 2017-2022
50%
311 Corona MF 201 6 (9) 2000-2001, 2003-2004, 2005-2006, 2007-2010, 2013-2015
50%
64 Cristhian Stuani MF, FW 325 111 (16) 2010-2014, 2017-2018, 2022-2025
50%
323 Cristian Tello DF, MF, FW 199 28 (20) 2011-2013, 2017-2022
50%
118 Dani Carvajal DF 286 10 (32) 2013-2025
50%
377 Dani Ceballos MF, FW 184 7 (10) 2013-2014, 2015-2018, 2021-2025
50%
5 Daniel Parejo MF 526 77 (79) 2008-2025
50%
93 Dani García MF 303 3 (9) 2014-2024
50%
269 Darko Brašanac MF, FW 211 8 (8) 2016-2025
50%
249 David García DF 218 1 (5) 2000-2011
50%
370 David García DF, MF 186 8 (1) 2016-2017, 2019-2024
50%
165 David López DF, MF 255 17 (8) 2010-2011, 2013-2014, 2016-2019, 2021-2025
50%
332 David López MF 196 23 (27) 2004-2012
50%
167 David Navarro DF 254 10 (3) 2001-2016
50%
224 David Silva MF, FW 227 31 (38) 2005-2009, 2020-2023
50%
139 David Soria GK 271 0 (0) 2016-2025
50%
198 David Zurutuza MF 238 16 (13) 2010-2020
50%
479 Denis Cheryshev MF, FW 163 12 (19) 2013-2022
50%
524 Diego Camacho MF 154 4 (4) 2002-2003, 2004-2005, 2006-2010
50%
227 Diego Castro MF, FW 226 44 (25) 2005-2006, 2008-2015
50%
292 Diego Costa FW 205 72 (29) 2009-2013, 2017-2021
50%
195 Diego Forlán MF, FW 240 127 (31) 2004-2011
50%
29 Diego López GK 390 0 (0) 2005-2006, 2007-2013, 2016-2019, 2021-2023
50%
506 Diego Rico DF 157 3 (12) 2016-2017, 2021-2025
50%
108 Dimitri Foulquier DF, MF 292 5 (15) 2013-2016, 2018-2025
50%
143 Djené DF, MF 270 1 (3) 2017-2025
50%
525 Domingos Duarte DF 154 6 (3) 2019-2025
50%
53 Duda DF, FW 343 34 (54) 2001-2002, 2003-2017
50%
312 Enes Ünal MF, FW 201 52 (15) 2017-2024
50%
463 Enrique Romero DF 167 2 (11) 2000-2007
50%
154 Esteban Granero MF 264 18 (20) 2007-2011, 2013-2020
50%
78 Éver Banega MF 315 27 (37) 2007-2015, 2017-2020
50%
453 Ezequiel Ávila MF, FW 169 37 (10) 2018-2025
50%
114 Fabián Orellana MF, FW 288 42 (43) 2009-2010, 2012-2021
50%
129 Fernando MF, FW 274 54 (20) 2000-2011
50%
23 Fernando Navarro DF 412 3 (7) 2001-2018
50%
231 Fernando Pacheco GK 225 0 (0) 2016-2023
50%
121 Fernando Torres FW 281 103 (26) 2002-2006, 2014-2018
50%
410 Ferrán Torres MF, FW 178 31 (21) 2017-2019, 2021-2025
50%
48 Filipe Luís DF 351 15 (25) 2006-2013, 2015-2019
50%
293 Florian Lejeune DF, MF 205 11 (6) 2011-2012, 2016-2017, 2020-2025
50%
216 Fran Beltrán MF, FW 230 8 (3) 2018-2025
50%
260 Francisco Portillo MF, FW 215 10 (19) 2009-2013, 2015-2016, 2017-2020, 2022-2023
50%
501 Franco Vázquez MF, FW 158 21 (14) 2012-2013, 2016-2021
50%
368 Gabriel Milito DF 187 6 (1) 2003-2007, 2009-2011
50%
234 Gabriel Paulista DF 224 8 (4) 2013-2014, 2017-2024
50%
464 Gerard Gumbau MF 167 3 (15) 2015-2016, 2017-2018, 2021-2025
50%
72 Gerard Moreno MF, FW 321 121 (38) 2014-2025
50%
330 Gerónimo Rulli GK 197 0 (0) 2014-2018, 2020-2023
50%
480 Gonçalo Guedes MF, FW 163 31 (27) 2017-2021, 2023-2024
50%
304 Gonzalo Escalante MF 203 20 (7) 2015-2019, 2021-2024
50%
492 Gonzalo Melero MF, FW 160 23 (9) 2018-2024
50%
281 Gustavo Cabral DF 207 8 (3) 2011-2019
50%
431 Gustavo López MF, FW 173 15 (25) 2000-2003, 2005-2007
50%
539 Héctor Moreno DF 151 9 (4) 2011-2014, 2017-2019
50%
511 Hugo Duro MF, FW 156 33 (7) 2017-2025
50%
286 Ignacio Camacho MF 206 18 (5) 2007-2017
50%
208 Igor Zubeldia DF, MF 235 3 (9) 2015-2025
50%
18 Iker Muniain MF, FW 434 56 (36) 2009-2024
50%
314 Iñigo Lekue DF, MF, FW 201 3 (8) 2015-2025
50%
347 Iván Alonso FW 194 39 (8) 2000-2002, 2007-2011
50%
378 Iván de la Peña MF 184 8 (39) 2000-2001, 2002-2011
50%
120 Jaume Costa DF 285 5 (13) 2011-2012, 2013-2024
50%
306 Javier Mascherano DF, MF 203 1 (3) 2010-2018
50%
526 Javier Paredes DF 154 0 (1) 2005-2007, 2009-2013
50%
333 Javier Saviola FW 196 70 (19) 2001-2003, 2005-2008, 2012-2013
50%
127 Javi Fuego MF 277 9 (4) 2007-2008, 2011-2019
50%
443 Javi Galán DF 171 1 (14) 2018-2019, 2020-2025
50%
173 Javi López DF, MF 252 2 (8) 2009-2020
50%
498 Javi Márquez MF 159 8 (7) 2009-2017
50%
458 Javi Navarro DF, MF 168 3 (1) 2001-2007
50%
366 Jérémy Mathieu DF 188 9 (7) 2009-2017
50%
49 Joan Capdevila DF 350 30 (14) 2000-2010, 2012-2014
50%
183 Joan Jordán MF 244 19 (20) 2014-2015, 2017-2025
50%
1 Joaquín MF, FW 623 77 (95) 2001-2012, 2015-2023
50%
404 Johan Mojica DF 179 3 (14) 2013-2014, 2017-2018, 2020-2025
50%
381 Jonny Castro DF, MF 183 3 (11) 2012-2018
50%
140 Jorge López MF 271 36 (24) 2000-2011
50%
111 Jorge Molina FW 289 73 (24) 2011-2013, 2015-2016, 2017-2022
50%
50 José Antonio Reyes MF 347 48 (55) 2001-2003, 2006-2007, 2009-2017
50%
296 Joseba Zaldúa DF 205 2 (8) 2013-2024
50%
416 José Callejón MF, FW 177 18 (12) 2008-2012, 2023-2024
50%
84 José Luis Gayà DF, MF 311 8 (30) 2013-2025
50%
83 José Luis Morales MF, FW 312 76 (31) 2014-2015, 2017-2024
50%
371 José Manuel Jurado MF, FW 186 22 (21) 2005-2010, 2016-2018
50%
300 José Molina GK 204 0 (0) 2000-2007
50%
19 Juanfran DF, MF 427 16 (39) 2003-2019
50%
79 Juanfran DF 315 4 (8) 2000-2003, 2006-2007, 2010-2016
50%
331 Juanfran DF, FW 197 4 (13) 2007-2008, 2009-2010, 2013-2019
50%
499 Juan Manuel Peña DF 159 1 (1) 2000-2007
50%
100 Juanmi MF, FW 299 68 (12) 2009-2014, 2016-2025
50%
472 Julien Escudé DF 164 5 (4) 2005-2012
50%
551 Júlio Baptista MF, FW 150 62 (8) 2003-2005, 2007-2008, 2010-2013
50%
201 Kévin Gameiro FW 237 74 (20) 2013-2021
50%
8 Koke MF 485 38 (83) 2009-2025
50%
386 Leandro Cabrera DF 182 10 (4) 2009-2010, 2017-2019, 2021-2022, 2024-2025
50%
199 Léo Baptistão MF, FW 238 45 (22) 2012-2018, 2022-2024
50%
308 Lucas Pérez MF, FW 202 55 (29) 2014-2017, 2019-2023
50%
528 Lucas Torró MF 154 6 (1) 2020-2025
50%
87 Lucas Vázquez DF, MF, FW 310 29 (47) 2014-2025
50%
235 Luis Amaranto Perea DF 224 1 (0) 2004-2012
50%
502 Luis Fernández DF 158 1 (1) 2001-2009
50%
61 Luis García MF, FW 329 73 (43) 2003-2012
50%
427 Luis Rioja MF, FW 174 15 (12) 2019-2021, 2023-2025
50%
138 Manu del Moral FW 272 53 (20) 2005-2015
50%
60 Manu Trigueros MF, FW 330 22 (24) 2013-2024
50%
277 Marc Bartra DF, MF 208 13 (8) 2009-2015, 2017-2021, 2023-2025
50%
89 Mario Gaspar DF, MF 309 11 (19) 2008-2009, 2010-2011, 2013-2022
50%
374 Mario Hermoso DF 185 10 (5) 2017-2024
50%
36 Markel Susaeta MF, FW 379 38 (52) 2007-2019
50%
335 Marko Dmitrović GK 196 1 (0) 2017-2025
50%
397 Martín Zubimendi MF 180 9 (6) 2018-2025
50%
261 Mauro Arambarri MF 215 16 (10) 2017-2025
50%
236 Miguel Torres DF 224 1 (6) 2006-2012, 2014-2018
50%
125 Mikel Balenziaga DF 278 1 (8) 2008-2009, 2010-2011, 2012-2023
50%
391 Mikel González DF 181 3 (2) 2005-2006, 2010-2017
50%
362 Mikel Merino MF, FW 190 20 (22) 2018-2024
50%
212 Mikel Rico MF 232 16 (11) 2011-2018, 2020-2021
50%
214 Mikel Vesga MF 231 11 (9) 2016-2025
50%
530 Mouctar Diakhaby DF 154 9 (1) 2018-2025
50%
226 Nacho Monreal DF 227 7 (9) 2006-2012, 2019-2021
50%
486 Nemanja Gudelj DF, MF 162 5 (3) 2019-2025
50%
242 Nemanja Maksimović MF 222 9 (2) 2017-2024
50%
186 Nolito MF, FW 243 60 (33) 2010-2011, 2012-2015, 2017-2022
50%
482 Oihan Sancet MF, FW 163 38 (15) 2019-2025
50%
358 Óliver Torres MF, FW 191 9 (14) 2012-2013, 2015-2016, 2019-2024
50%
151 Óscar MF 267 41 (23) 2001-2007, 2012-2014
50%
17 Óscar de Marcos DF, FW 435 25 (45) 2009-2025
50%
271 Óscar Trejo MF, FW 211 15 (19) 2006-2008, 2011-2012, 2018-2019, 2021-2025
50%
262 Pablo Aimar MF 215 32 (38) 2000-2008
50%
451 Pablo Fornals MF, FW 170 17 (19) 2015-2018, 2023-2025
50%
398 Pablo Maffeo DF 180 5 (17) 2017-2018, 2020-2025
50%
82 Pablo Piatti MF, FW 313 47 (31) 2008-2022
50%
213 Pablo Sarabia MF, FW 232 37 (42) 2011-2019
50%
278 Paco Alcácer FW 208 54 (27) 2011-2017, 2019-2022
50%
302 Pedro MF, FW 204 58 (35) 2007-2015
50%
268 Pedro Bigas DF, MF 212 12 (3) 2011-2012, 2015-2023
50%
51 Pedro León MF, FW 346 44 (54) 2007-2021
50%
424 Pedro Mosquera MF 175 4 (6) 2009-2010, 2013-2017, 2020-2021
50%
219 Pepe DF, MF 229 13 (8) 2007-2017
50%
126 Portu DF, MF, FW 278 44 (29) 2013-2014, 2017-2025
50%
476 Rafael Márquez DF, MF 164 9 (4) 2003-2010
50%
206 Raphaël Varane DF, MF 236 8 (5) 2011-2021
50%
28 Raúl Albiol DF 394 8 (3) 2004-2012, 2019-2025
50%
508 Raúl Baena MF 157 5 (3) 2009-2016
50%
2 Raúl García MF, FW 609 111 (48) 2004-2024
50%
187 Recio MF 243 12 (12) 2010-2021
50%
555 Roberto GK 150 0 (0) 2005-2006, 2009-2010, 2011-2012, 2016-2017, 2019-2021
50%
65 Roberto Soldado FW 325 129 (38) 2005-2012, 2015-2016, 2019-2022
50%
432 Roberto Torres MF, FW 173 29 (17) 2011-2013, 2016-2017, 2019-2023
50%
447 Roberto Trashorras MF 171 7 (28) 2001-2002, 2011-2016
50%
348 Robin Le Normand DF 194 5 (3) 2018-2025
50%
459 Rodrigo De Paul MF, FW 168 12 (22) 2014-2015, 2021-2025
50%
363 Roque Mesa MF 190 8 (10) 2015-2020, 2022-2023
50%
122 Rubén Castro MF, FW 280 93 (22) 2000-2001, 2004-2007, 2011-2013, 2015-2018
50%
255 Rubén Duarte DF 217 3 (10) 2014-2021, 2023-2024
50%
85 Rubén García MF, FW 311 30 (27) 2012-2015, 2019-2025
50%
399 Rubén Pardo MF, FW 180 7 (26) 2011-2019
50%
256 Rubén Peña DF, MF, FW 217 6 (8) 2012-2013, 2016-2025
50%
160 Rubén Pérez MF 261 2 (6) 2009-2020
50%
372 Rubén Rochina MF, FW 186 22 (18) 2012-2015, 2017-2022
50%
337 Rubén Sobrino MF, FW 196 17 (8) 2016-2024
50%
400 Rúben Vezo DF 180 5 (2) 2013-2022
50%
504 Rui Silva GK 158 0 (0) 2019-2025
50%
263 Sandro Ramírez MF, FW 215 37 (14) 2014-2021, 2023-2025
50%
69 Santi Cazorla MF 323 53 (57) 2003-2011, 2018-2020
50%
148 Santi Mina MF, FW 269 63 (20) 2012-2022
50%
46 Saúl Ñíguez DF, MF 353 33 (25) 2012-2025
50%
494 Sávio MF 160 24 (28) 2000-2001, 2003-2008
50%
76 Sergi Darder MF, FW 317 26 (30) 2013-2015, 2017-2019, 2021-2025
50%
350 Sergi Enrich MF, FW 193 34 (22) 2009-2010, 2015-2021
50%
375 Sergi Guardiola MF, FW 185 24 (8) 2018-2025
50%
34 Sergio Canales MF, FW 384 49 (49) 2008-2023
50%
257 Sergio Escudero DF, MF 217 11 (11) 2012-2023
50%
44 Sergio García MF, FW 360 75 (62) 2003-2008, 2010-2014, 2017-2019
50%
429 Sergio Herrera GK 174 0 (0) 2019-2025
50%
500 Sergio León MF, FW 159 30 (3) 2016-2020, 2022-2023
50%
182 Sergi Roberto DF, MF 245 12 (31) 2010-2024
50%
422 Sidnei DF 176 4 (3) 2013-2021
50%
520 Sofiane Feghouli MF, FW 155 22 (26) 2010-2016
50%
487 Suso MF, FW 162 10 (23) 2013-2014, 2019-2025
50%
468 Takashi Inui MF, FW 166 16 (10) 2015-2021
50%
484 Thomas Partey DF, MF 163 16 (7) 2014-2021
50%
220 Unai López MF 229 11 (9) 2014-2015, 2016-2017, 2018-2025
50%
406 Unai Núñez DF 179 3 (1) 2017-2025
50%
321 Unai Simón GK 200 0 (0) 2018-2025
50%
204 Vicente Guaita GK 237 0 (0) 2008-2009, 2010-2015, 2017-2018, 2023-2025
50%
105 Vicente Iborra MF 297 33 (13) 2007-2008, 2010-2016, 2018-2022
50%
307 Vitolo MF, FW 203 23 (24) 2013-2022
50%
441 William Carvalho MF 172 8 (12) 2018-2025
50%
132 Xabi Alonso MF 274 13 (28) 2000-2003, 2009-2014
50%
38 Xabi Prieto MF 375 53 (49) 2003-2006, 2010-2018
50%
513 Xavi Torres DF, MF 156 6 (5) 2008-2013, 2015-2017
50%
412 Ximo Navarro DF 178 3 (6) 2012-2013, 2014-2015, 2017-2022
50%
408 Yangel Herrera MF, FW 179 17 (10) 2018-2025
50%
328 Yannick Carrasco DF, MF, FW 198 37 (31) 2015-2017, 2019-2024
50%
217 Youssef En-Nesyri FW 230 69 (9) 2016-2024
50%
149 Yuri Berchiche DF, FW 269 13 (19) 2009-2010, 2014-2016, 2018-2025
50%
461 Zé Castro DF 168 5 (4) 2006-2010, 2012-2016
50%
536 Adrián Colunga MF, FW 152 38 (13) 2008-2015
0%
142 Adriano DF, MF 270 20 (24) 2004-2016
0%
522 Agustín Aranzábal DF 154 1 (10) 2000-2007
0%
435 Aitor Ocio DF 172 5 (2) 2000-2011
0%
248 Albert Luque MF, FW 219 59 (26) 2000-2004, 2008-2011
0%
495 Alberto de la Bella DF 159 5 (11) 2010-2015, 2017-2018
0%
26 Alberto Lopo DF 400 18 (4) 2000-2016
0%
169 Alberto Rivera MF 252 8 (10) 2000-2001, 2004-2011, 2013-2014
0%
179 Aldo Duscher MF 246 6 (6) 2000-2011
0%
436 Alejandro Arribas DF 172 6 (1) 2011-2018
0%
449 Alejandro Campano MF 170 15 (27) 2001-2007
0%
71 Alexis DF 321 17 (3) 2003-2018
0%
537 Alfonso Espino DF 152 2 (11) 2020-2025
0%
510 Álvaro Cejudo MF 156 12 (16) 2010-2013, 2015-2017
0%
419 Álvaro Novo MF 176 12 (17) 2000-2007
0%
299 Álvaro Rubio DF, MF 204 4 (6) 2003-2004, 2007-2009, 2012-2014
0%
538 Amedeo Carboni DF 152 0 (5) 2000-2006
0%
547 Ander Barrenetxea DF, MF, FW 150 14 (6) 2018-2025
0%
24 Andoni Iraola DF, MF 406 33 (34) 2003-2015
0%
181 Andrés Palop GK 245 0 (0) 2000-2002, 2004-2013
0%
133 Ángel Lafita MF, FW 273 35 (15) 2005-2016
0%
531 Ángel Vivar Dorado MF 153 11 (6) 2000-2001, 2004-2009
0%
376 Antonio Guayre MF, FW 184 27 (12) 2000-2006, 2008-2009
0%
117 Ariel Ibagaza MF 286 26 (64) 2000-2010
0%
317 Arzu DF, MF 200 9 (9) 2002-2009
0%
367 Asier del Horno DF 187 15 (13) 2000-2004, 2006-2012
0%
373 Asier Riesgo GK 185 0 (0) 2004-2006, 2008-2009, 2011-2013, 2015-2019
0%
176 Beñat Etxebarria MF 251 16 (34) 2006-2007, 2011-2020
0%
515 Bernardo Espinosa DF 155 8 (5) 2010-2011, 2015-2016, 2017-2019, 2022-2024
0%
113 Bruno Soriano MF 288 21 (10) 2006-2011, 2013-2016, 2019-2020
0%
54 Cani MF 341 29 (40) 2001-2002, 2003-2011, 2013-2016
0%
280 Capi MF 207 16 (12) 2001-2009
0%
452 Carlos Aranda FW 169 29 (17) 2002-2004, 2008-2013
0%
81 Carlos Gurpegui DF, MF 313 19 (2) 2001-2005, 2007-2016
0%
57 Carlos Kameni GK 335 0 (1) 2004-2012, 2014-2017
0%
104 Carlos Marchena DF, MF 297 11 (7) 2001-2013
0%
177 César Cruchaga DF 249 9 (3) 2000-2009
0%
516 Cosmin Contra DF, MF 155 7 (17) 2000-2001, 2002-2003, 2005-2010
0%
325 Damià Abella DF, MF 198 5 (5) 2004-2005, 2007-2008, 2010-2014
0%
94 Daniel Aranzubia GK 303 1 (1) 2000-2010, 2012-2014
0%
423 Daniel Jarque DF 175 8 (0) 2002-2009
0%
478 Darko Kovačević FW 163 51 (16) 2001-2007
0%
413 Darwin Machís MF, FW 177 21 (18) 2012-2013, 2014-2015, 2016-2017, 2019-2025
0%
63 David Albelda DF, MF 326 7 (11) 2000-2013
0%
244 David Barral FW 221 46 (8) 2008-2011, 2013-2017
0%
462 David Belenguer DF 167 2 (2) 2001-2002, 2004-2010
0%
266 David Castedo DF 212 0 (7) 2001-2008
0%
135 David Cortés DF 273 0 (9) 2002-2012
0%
523 David Rivas DF 154 6 (2) 2001-2009
0%
456 Dídac Vilà DF, MF 168 2 (4) 2009-2011, 2013-2014, 2017-2019, 2021-2022
0%
496 Diego Colotto DF 159 12 (4) 2008-2010, 2012-2015
0%
355 Diego Tristán FW 191 77 (14) 2000-2007
0%
385 Domingo Cisma DF 182 5 (4) 2007-2015
0%
95 Dudu Aouate GK 303 0 (0) 2003-2013
0%
172 Edu MF, FW 252 61 (26) 2000-2009
0%
430 Eliseu DF, MF 173 18 (16) 2008-2014
0%
414 Esteban GK 177 0 (0) 2000-2001, 2002-2006, 2008-2010, 2013-2014
0%
313 Ezequiel Garay DF 201 21 (3) 2005-2010, 2016-2020
0%
329 Fabricio Coloccini DF, MF 197 12 (2) 2001-2008
0%
532 Federico Fazio DF 153 12 (2) 2007-2013, 2015-2016
0%
238 Fernando Amorebieta DF 222 3 (2) 2005-2012, 2016-2017
0%
533 Fernando Morientes FW 153 49 (7) 2000-2004, 2006-2009
0%
497 Fernando Sales MF 159 18 (18) 2000-2006
0%
402 Fernando Sanz DF 179 6 (2) 2000-2006
0%
218 Fernando Soriano MF 229 21 (15) 2003-2004, 2007-2010, 2013-2015
0%
168 Fernando Varela DF, MF 254 14 (8) 2001-2010
0%
190 Ferran Corominas MF, FW 241 20 (8) 2003-2010, 2013-2015
0%
548 Fidel DF, MF, FW 150 17 (14) 2013-2014, 2020-2023
0%
21 Francisco Puñal MF 420 22 (35) 2001-2014
0%
205 Francisco Rufete MF 236 19 (25) 2000-2008, 2010-2011
0%
115 Francisco Yeste MF 288 51 (61) 2000-2010
0%
274 Frédéric Kanouté FW 209 89 (18) 2005-2012
0%
403 Gaizka Toquero MF, FW 179 22 (16) 2008-2014, 2016-2017
0%
365 Geoffrey Kondogbia DF, MF 188 8 (11) 2012-2013, 2017-2023
0%
340 Gerardo DF, MF 195 7 (18) 2000-2007
0%
442 Giuseppe Rossi FW 171 64 (20) 2007-2011, 2015-2017
0%
73 Gonzalo Colsa MF 320 29 (8) 2000-2001, 2002-2012
0%
45 Gorka Iraizoz GK 354 0 (0) 2005-2019
0%
549 Gustavo Munúa GK 150 0 (0) 2003-2004, 2007-2013
0%
88 Hugo Mallo DF 309 9 (19) 2012-2023
0%
128 Igor Gabilondo MF 275 32 (23) 2000-2012
0%
346 Ikechukwu Uche FW 194 42 (19) 2006-2011, 2013-2016
0%
396 Imanol Agirretxe FW 180 55 (11) 2004-2006, 2010-2015, 2017-2018
0%
540 Iriney MF 151 2 (2) 2002-2003, 2005-2008, 2011-2013
0%
225 Ismael Urzaiz FW 227 70 (22) 2000-2007
0%
507 Ito MF 157 1 (6) 2001-2007
0%
294 Iván Cuéllar GK 205 0 (2) 2004-2005, 2006-2007, 2008-2009, 2010-2011, 2015-2019, 2023-2024
0%
245 Iván Helguera DF, MF 221 19 (6) 2000-2009
0%
153 Iván Ramis DF 266 16 (1) 2003-2004, 2006-2011, 2014-2020
0%
305 Jaime Gavilán MF 203 10 (29) 2002-2003, 2005-2015
0%
287 Jaime Mata MF, FW 206 37 (11) 2018-2025
0%
390 Javier Arizmendi MF, FW 181 21 (11) 2003-2007, 2009-2013
0%
354 Javier Calleja MF 192 9 (13) 2000-2005, 2008-2012
0%
295 Javier Camuñas MF, FW 205 24 (24) 2002-2003, 2007-2013
0%
70 Javier Casquero MF 322 43 (15) 2001-2012
0%
411 Javier Chica DF 178 2 (5) 2006-2014
0%
341 Javi Guerrero FW 195 47 (17) 2002-2009
0%
541 Javi Varas GK 151 0 (0) 2008-2013, 2015-2017
0%
144 Javi Venta DF 270 3 (8) 2001-2012
0%
550 Jesuli MF 150 27 (12) 2000-2007
0%
253 Jesús Gámez DF 217 0 (13) 2005-2006, 2008-2016
0%
342 Jesús María Lacruz DF 195 9 (2) 2000-2009
0%
158 Joan Verdú MF 262 35 (24) 2006-2013, 2015-2016
0%
534 John Aloisi FW 153 39 (14) 2001-2006
0%
517 Jonathan Viera MF, FW 155 30 (31) 2012-2013, 2015-2017, 2023-2024
0%
316 Jon Moncayola DF, MF 201 7 (9) 2019-2025
0%
356 Jorge Larena MF 191 15 (10) 2000-2007
0%
239 José Ángel DF, MF 222 5 (19) 2008-2010, 2012-2013, 2016-2022
0%
145 Joseba Etxeberria MF, FW 270 48 (34) 2000-2010
0%
542 José Barkero MF 151 29 (17) 2001-2005, 2008-2009, 2011-2013
0%
361 José Campaña MF 190 10 (29) 2011-2012, 2017-2021, 2023-2025
0%
512 José García Calvo DF 156 8 (1) 2000-2001, 2002-2005, 2007-2009
0%
467 José Mari FW 166 22 (13) 2002-2009
0%
155 José María Movilla MF 264 8 (17) 2000-2001, 2002-2007, 2011-2013
0%
417 Josemi DF 177 1 (4) 2000-2003, 2005-2010
0%
518 José Moratón DF 155 4 (4) 2002-2010
0%
246 José Nunes DF 221 12 (2) 2005-2013
0%
267 Josetxo DF 212 0 (1) 2001-2011
0%
270 Josico MF, FW 211 11 (6) 2000-2008
0%
382 Juan Arango MF 183 46 (35) 2004-2009
0%
96 Juan Carlos Valerón MF 302 19 (49) 2000-2010, 2012-2013, 2015-2016
0%
137 Juanito DF 272 21 (3) 2001-2010
0%
250 Juanito DF, MF 218 4 (3) 2002-2011
0%
379 Juan Manuel Ortiz DF, MF 184 12 (8) 2003-2005, 2007-2010, 2012-2013
0%
318 Juan Valera Espín DF, MF 200 8 (5) 2003-2004, 2005-2015
0%
445 Juan Velasco Damas DF 171 0 (4) 2000-2007
0%
357 Jules Koundé DF 191 9 (11) 2019-2025
0%
112 Kiké MF, FW 289 58 (8) 2016-2025
0%
102 Leo Franco GK 298 0 (0) 2000-2008, 2010-2011, 2012-2013
0%
334 Leonardo Ponzio MF 196 9 (6) 2003-2006, 2009-2012
0%
297 Lionel Scaloni DF, MF 205 13 (8) 2000-2009
0%
200 López Rekarte DF 238 3 (23) 2000-2008
0%
493 Luciano Galletti MF 160 12 (17) 2001-2002, 2003-2007
0%
544 Luis Hernández DF 151 2 (2) 2015-2017, 2021-2024
0%
387 Luis Prieto Zalbidegoitia DF 182 8 (3) 2002-2010
0%
383 Mané DF, MF 183 6 (9) 2007-2015
0%
103 Manuel Pablo DF 298 1 (12) 2000-2010, 2012-2013, 2014-2016
0%
161 Marcos Senna MF 259 20 (17) 2002-2012
0%
481 Marc Torrejón DF 163 3 (1) 2006-2012
0%
446 Mariano Pernía DF 171 16 (10) 2002-2003, 2004-2010
0%
552 Mario DF 150 3 (0) 2001-2003, 2006-2013
0%
465 Mario Regueiro MF, FW 167 26 (16) 2000-2001, 2002-2008
0%
454 Markel Bergara MF 169 7 (4) 2010-2020
0%
489 Martin Valjent DF 161 3 (1) 2019-2020, 2021-2025
0%
553 Mateo Musacchio DF 150 5 (4) 2009-2011, 2013-2017
0%
136 Mehdi Lacen MF 273 7 (9) 2005-2006, 2008-2015, 2017-2018
0%
545 Melli DF 151 2 (2) 2002-2009
0%
529 Michael Krohn-Dehli MF, FW 154 4 (17) 2012-2018
0%
437 Míchel MF 172 10 (11) 2008-2010, 2012-2014, 2018-2021
0%
240 Míchel Salgado DF 222 4 (11) 2000-2009
0%
288 Miguel Ángel MF 206 8 (8) 2001-2009
0%
247 Miguel Ángel Angulo MF, FW 220 26 (23) 2000-2009
0%
130 Miguel Ángel Moyá GK 274 0 (0) 2004-2014, 2016-2020
0%
319 Miguel de las Cuevas MF 200 18 (12) 2007-2013, 2016-2017
0%
202 Miguel Flaño DF 237 10 (1) 2004-2013, 2016-2017
0%
421 Miguel Monteiro DF 176 3 (5) 2005-2012
0%
166 Mikel Aranburu MF 255 18 (13) 2000-2006, 2010-2012
0%
301 Mista FW 204 45 (15) 2001-2010
0%
554 Moha DF, FW 150 11 (6) 2000-2001, 2002-2008
0%
469 Moisés Hurtado MF 165 3 (5) 2001-2002, 2005-2009, 2011-2013
0%
282 Nabil El Zhar MF, FW 207 19 (16) 2011-2019
0%
392 Nemanja Radoja DF, MF 181 2 (4) 2014-2017, 2019-2022
0%
343 Nihat Kahveci FW 195 75 (25) 2001-2009
0%
298 Oier Sanjurjo DF, MF 205 5 (6) 2008-2010, 2012-2013, 2016-2017, 2019-2022
0%
336 Óscar Rodríguez Arnaiz MF, FW 196 18 (11) 2018-2025
0%
264 Óscar Serrano MF 213 15 (16) 2004-2012
0%
466 Pablo Hernández MF, FW 167 21 (23) 2005-2006, 2007-2011, 2015-2016
0%
349 Pablo Ibáñez DF 193 10 (3) 2003-2010
0%
159 Pablo Orbaiz MF 262 11 (11) 2000-2011
0%
289 Pablo Pinillos Caro DF 206 3 (5) 2004-2011
0%
74 Papakouli Diop MF 320 12 (9) 2009-2021
0%
474 Pedro Contreras GK 164 0 (0) 2000-2003, 2005-2007
0%
164 Pedro López Muñoz DF 257 5 (7) 2004-2005, 2007-2009, 2011-2015, 2017-2018, 2020-2021
0%
42 Pedro Munitis FW 362 29 (60) 2000-2012
0%
197 Peter Luccin MF 239 12 (18) 2001-2009
0%
229 Pierre Webó FW 226 47 (17) 2003-2011
0%
475 Poli DF 164 0 (2) 2002-2009
0%
320 Quique Álvarez DF 200 5 (2) 2000-2009
0%
55 Raúl Tamudo FW 340 126 (23) 2000-2013
0%
303 Renato MF 204 26 (14) 2004-2011
0%
131 Ricardo GK 274 0 (0) 2000-2001, 2003-2004, 2005-2010, 2012-2013
0%
141 Riki FW 271 51 (19) 2004-2010, 2012-2015
0%
211 Roberto Ayala DF 233 10 (2) 2000-2007, 2009-2010
0%
388 Roberto Rosales DF, MF 182 5 (11) 2014-2020
0%
254 Rodolfo Arruabarrena DF 217 12 (11) 2000-2007
0%
503 Rodolfo Bodipo FW 158 32 (14) 2002-2003, 2005-2009, 2012-2013
0%
438 Rodrigo MF, FW 172 38 (28) 2014-2020
0%
470 Rubén GK 165 0 (0) 2004-2005, 2010-2015, 2017-2018, 2019-2021
0%
440 Rubén Alcaraz MF 172 14 (5) 2018-2024
0%
157 Rubén Baraja MF 263 41 (21) 2000-2010
0%
556 Salva Ballesta FW 150 45 (15) 2001-2006, 2008-2009
0%
428 Salva Sevilla MF 174 19 (18) 2011-2016, 2019-2020, 2021-2022
0%
557 Samu Castillejo MF, FW 150 14 (13) 2014-2017, 2022-2023
0%
519 Samuel Chukwueze MF, FW 155 21 (14) 2018-2023
0%
184 Santiago Cañizares GK 244 0 (0) 2000-2008
0%
359 Santiago Ezquerro FW 191 37 (9) 2000-2009
0%
509 Santi Comesaña MF 157 11 (7) 2018-2019, 2021-2025
0%
455 Savo Milošević FW 169 53 (17) 2001-2007
0%
52 Sergio MF 346 33 (38) 2000-2011
0%
265 Sergio DF 213 7 (4) 2001-2003, 2005-2012
0%
90 Sergio Asenjo GK 308 0 (0) 2007-2023
0%
75 Sergio Ballesteros DF 318 6 (2) 2000-2007, 2010-2013
0%
490 Seydou Keita MF 161 21 (8) 2007-2011, 2013-2014
0%
327 Simão Sabrosa MF 198 25 (32) 2000-2001, 2007-2010, 2012-2014
0%
433 Sylvinho DF 173 3 (15) 2001-2009
0%
425 Tiago Mendes MF 175 17 (10) 2009-2017
0%
393 Tiko MF 181 20 (19) 2000-2008
0%
309 Tito DF 202 3 (12) 2011-2019
0%
98 Tomás Pina Isla MF 301 8 (7) 2009-2015, 2017-2022
0%
546 Toni Prats GK 151 0 (0) 2001-2007
0%
192 Toño GK 241 0 (0) 2004-2005, 2006-2016
0%
163 Valdo MF, FW 258 34 (33) 2001-2013
0%
448 Valeri Karpin MF 171 28 (27) 2000-2005
0%
351 Víctor FW 193 53 (34) 2000-2003, 2007-2009
0%
146 Víctor Casadesús FW 270 49 (26) 2004-2007, 2009-2016
0%
407 Víctor Laguardia DF 179 9 (8) 2009-2010, 2016-2022
0%
116 Víctor Ruiz DF, MF 287 8 (6) 2009-2018, 2020-2023
0%
124 Walter Pandiani FW 279 84 (14) 2000-2012
0%
259 Weligton Oliveira DF 217 9 (4) 2008-2017
0%
352 Xisco MF, FW 193 20 (17) 2001-2008, 2010-2011
0%
505 Yassine Bounou GK 158 1 (3) 2017-2024
0%
275 Yeray Álvarez DF 209 3 (1) 2016-2025
0%
No matching quizzes found
Score Distribution
Percent of People with Each Score
Percentile by Number Answered
Your Score History
You have not taken this quiz